DreamWorks Animation - All Movies - Statistics

General Stats
  • This quiz has been taken 74 times
  • The average score is 22 of 50
Answer Stats
Year Movie % Correct
2001 Shrek
96%
2004 Shrek 2
92%
2007 Shrek The Third
92%
2010 How To Train Your Dragon
71%
2008 Kung Fu Panda
67%
2011 Kung Fu Panda 2
67%
2016 Kung Fu Panda 3
65%
1998 The Prince Of Egypt
65%
2014 How To Train Your Dragon 2
63%
2024 Kung Fu Panda 4
63%
2005 Madagascar
63%
2008 Madagascar: Escape 2 Africa
60%
2012 Madagascar 3: Europe's Most Wanted
58%
1998 Antz
56%
2011 Puss In Boots
56%
2010 Shrek Forever After
56%
2017 The Boss Baby
54%
2016 Trolls
52%
2002 Spirit: Stallion Of The Cimarron
50%
2004 Shark Tale
48%
2000 The Road To El Dorado
46%
2010 Megamind
44%
2006 Over The Hedge
44%
2022 The Bad Guys
44%
2020 Trolls World Tour
44%
2022 Puss In Boots: The Last Wish
42%
2013 The Croods
42%
2015 Home
40%
2009 Monsters Vs Aliens
40%
2014 Penguins Of Madagascar
40%
2000 Chicken Run
38%
2019 How To Train Your Dragon: The Hidden World
35%
2003 Sinbad: Legend Of The Seven Seas
35%
2024 The Wild Robot
35%
2014 Mr Peabody & Sherman
31%
2017 Captain Underpants: The First Epic Movie
29%
2006 Flushed Away
29%
2013 Turbo
29%
2007 Bee Movie
27%
2012 Rise Of The Guardians
27%
2025 Dog Man
25%
2000 Joseph: King Of Dreams
25%
2020 The Croods: A New Age
25%
2005 Wallace & Gromit: The Curse Of The Were-Rabbit
25%
2023 Ruby Gillman, Teenage Kraken
23%
2023 Trolls Band Together
23%
2019 Abominable
21%
2021 The Boss Baby: Family Business
17%
2024 Orion And The Dark
15%
2021 Spirit Untamed
15%
No matching quizzes found
Score Distribution
Percent of People with Each Score
Percentile by Number Answered
Your Score History
You have not taken this quiz